| 000 | 00610nam a22002177a 4500 | ||
|---|---|---|---|
| 999 |
_c3338 _d3338 |
||
| 001 | 1163 | ||
| 003 | BD-DhUAP | ||
| 005 | 20200303161309.0 | ||
| 008 | 200303s1993 si a|||| |||| 00| 0 eng d | ||
| 020 | _a9810047673 | ||
| 040 |
_aBD-DhUAP _bEng _cBD-DhUAP _dBD-DhUAP |
||
| 082 |
_223 _a745.2 TOM |
||
| 100 | _aToman, Rolf. | ||
| 245 |
_aBest of Graphis design / _cRolf Toman. |
||
| 260 |
_aSingapore : _bPage One Pub., _c©1993. |
||
| 300 |
_aunnumbered pages : _billustrations ; _c30 cm. |
||
| 650 |
_aIndustrial design _vDesign. |
||
| 650 | _aGraphis, Inc. | ||
| 650 | _aDecorative arts. | ||
| 942 |
_2ddc _cBK |
||